Biblioteca

Evangélicos, Política y Sociedad : (Registro nro. 52325)

Detalles MARC
000 -LÍDER
Campo fijo de descripción fija 01161aab a2200217 i 4500
001 - NÚMERO DE CONTROL
Campo de control 768714001
003 - IDENTIFICADOR DEL NÚMERO DE CONTROL
Campo de control CO-MdFUSB
005 - FECHA Y HORA DE LA ULTIMA TRANSACCIÓN
control field 20250820161244.0
008 - ELEMENTOS DE LONGITUD FIJA -- INFORMACIÓN GENERAL
Campo fijo de descripción fija -- Información general 240423t1998 ag ||||| |||| 00| 0 spa d
040 ## - FUENTE DE CATALOGACIÓN
Idioma de catalogación spa
Agencia que realiza la transcripción CO-MdFUSB
041 ## - CÓDIGO DE IDIOMA
Código de idioma para texto/pista de sonido o título separado spa
100 1# - ASIENTO PRINCIPAL--NOMBRE PERSONAL
Nombre personal Encuentro de Evangelicos, Política y Sociedad (EPOS)
Término relacionador autor
245 1# - TÍTULO
Título Evangélicos, Política y Sociedad :
Subtitulo documento final
Mención de responsabilidad / EPOS
300 ## - DESCRIPCIÓN FÍSICA
Extensión Volumen 17, número 3 (julio - septiembre, 1998), páginas: 27 - 29
Dimensiones ; 27 cm
520 ## - NOTA DE RESUMEN, ETC.
Nota de sumario, etc. Este documento final se centra en el tema Evangélicos, Política y Sociedad, brindando la oportunidad de tener una perspectiva global de la realidad de América Latina y su misión pastoral. A través de un sentido de compañerismo cristiano y comprensión mutua, se exploró el poder político y la necesidad de apoyar a las iglesias en sus esfuerzos misioneros bajo los auspicios de Jesucristo.
650 #7 - ASIENTO SECUNDARIO DE MATERIA - TERMINO TEMÁTICO
Término temático o nombre geográfico como elemento de entrada Teología pastoral
9 (RLIN) 227
650 #0 - ASIENTO SECUNDARIO DE MATERIA - TERMINO TEMÁTICO
Término temático o nombre geográfico como elemento de entrada Cristianismo y política
9 (RLIN) 1250
773 0# - ASIENTO DE ITEM FUENTE
Título Iglesia y Misión
Biblionumber 49402
Itemnumber 59633
Parte(s) relacionada(s) / Volumen., número. (mes año), páginas Volumen 17, número 3 (julio - septiembre, 1998), páginas: 27 - 29
Enumeración y primera página página: 27
942 ## - TIPO DE MATERIAL (KOHA)
Tipo de Item KOHA Artículos de Revista
945 ## - INFORMACIÓN LOCAL DEL REGISTRO
Catalogador JTF-925

No hay ítems disponibles.

Biblioteca FUSBC | Teléfono: (57+4) 349 88 10 Ext. 141| WhatsApp (+57) 3005338115 
E-mail: biblioteca@unisbc.edu.co | Calle 76 87-14 Robledo Palenque, Medellín, Colombia

Con tecnología Koha